European Union Enlargement to the Western Balkans Applied to the Acapulco Typology of Agenda-setting: Focus on Montenegro, Serbia and FYROM Revisited
Stratégie rozširovania EÚ a podmienky pre prijatie: politické a ekonomické kritériá, bilaterálne vzťahy, regionálna spolupráca. Porovnanie vývoja vzťahov medzi rokmi 2013 a 2014. Úloha predsedníctva v Rade EÚ a Vyšehradskej štvorky v integrácii západného Balkánu.
Salvato in:
| Autore principale: | |
|---|---|
| Altri autori: | , |
| Natura: | Capitolo di libro |
| Lingua: | inglese |
| Soggetti: | |
| Tags: |
Nessun Tag, puoi essere il primo ad aggiungerne!!
|
MARC
| LEADER | 00000naa$a2200000$$$4500 | ||
|---|---|---|---|
| 001 | 0207177 | ||
| 005 | 20240502083518.8 | ||
| 041 | 0 | |a eng | |
| 044 | |a BG | ||
| 245 | 1 | 0 | |a European Union Enlargement to the Western Balkans Applied to the Acapulco Typology of Agenda-setting: Focus on Montenegro, Serbia and FYROM Revisited |c Denisa Čiderová, Beata Fejesová, Dubravka Kovačević |
| 520 | |a Stratégie rozširovania EÚ a podmienky pre prijatie: politické a ekonomické kritériá, bilaterálne vzťahy, regionálna spolupráca. Porovnanie vývoja vzťahov medzi rokmi 2013 a 2014. Úloha predsedníctva v Rade EÚ a Vyšehradskej štvorky v integrácii západného Balkánu. | ||
| 610 | 2 | 0 | |a Európska únia |
| 610 | 2 | 0 | |a Balkán |
| 610 | 2 | 0 | |a vzťahy bilaterálne |
| 610 | 2 | 0 | |a Rada Európskej únie |
| 100 | 1 | |a Čiderová, Denisa, 1977- | |
| 700 | 1 | |a Fejesová, Beata | |
| 700 | 1 | |a Kovačević, Dubravka | |